Poznámky na okraj začiatku najväčšej aféry tajnej služby USA od čias Watergate

Watergate sa stal mediálno-politickým pojmom, ktorý označuje veľké zlyhania štátu, do ktorých sú zapletené aj tajné (spravodajské) služby. Spravodajské služby v USA po Watergate venovali zvýšenú ostražitosť svojej činnosti (jej zastieraniu) a hoci vznikli mnohé aféry, žiadna už nedosiahla taký rozsa...

Ausführliche Beschreibung

Gespeichert in:
Bibliographische Detailangaben
1. Verfasser: Škvrnda, František
Format: Buchkapitel
Sprache:Slowakisch
Schlagworte:
Tags: Tag hinzufügen
Keine Tags, Fügen Sie das erste Tag hinzu!

MARC

LEADER 00000nla a2200000 4500
001 0247510
005 20260325122859.5
041 0 |a slo 
044 |a SK 
245 1 0 |a Poznámky na okraj začiatku najväčšej aféry tajnej služby USA od čias Watergate  |c František Škvrnda 
520 |a Watergate sa stal mediálno-politickým pojmom, ktorý označuje veľké zlyhania štátu, do ktorých sú zapletené aj tajné (spravodajské) služby. Spravodajské služby v USA po Watergate venovali zvýšenú ostražitosť svojej činnosti (jej zastieraniu) a hoci vznikli mnohé aféry, žiadna už nedosiahla taký rozsah. Časť štátneho aparátu v USA napriek tomu, že sa hovorí o jeho absolútnej a neochvejnej politickej lojalite liberálno-demokratickým spôsobom zvolenej moci, otvorene brojí proti prezidentovi Trumpovi. Rusofóbia v súčasnom desaťročí je už mimoriadne sofistikovanou, prešpekulovanou mediálno-politicky prepracovanou záležitosťou, žije už takmer vlastným životom, nezávislým na realite. 
610 2 0 |a politika 
610 2 0 |a prezidenti 
610 2 0 |a činnosť informačná 
610 2 0 |a vzťahy medzinárodné 
610 2 0 |a služby spravodajské 
610 2 0 |a USA 
610 2 0 |a Rusko 
100 1 |a Škvrnda, František